| 000 | 00442nam a2200109Ia 4500 | ||
|---|---|---|---|
| 008 | 171212s9999 xx 000 0 und d | ||
| 100 | _aAblon, Lillian;Libicki, Martin C.;Golay, Andrea A. | ||
| 245 |
_cAblon, Lillian;Libicki, Martin C.;Golay, Andrea A. _aMarkets for Cybercrime Tools and Stolen Data _bHackers' Bazaar |
||
| 260 |
_bRAND Corporation _c2014 |
||
| 650 | _aHealth Sciences | ||
| 856 | _uhttp://www.jstor.org/stable/10.7249/j.ctt6wq7z6 | ||
| 999 |
_c352299 _d352299 |
||